000 00565nam a22001697a 4500
003 NUST
038 _aNusrat Nadeem
082 _a200
100 _aShahid, Muhammad
_9120196
245 _aSimulation and Modelling of an Integrated Hybrid Energy System of Pakistan/
_cMuhammad Shahid
264 _aIslamabad;
_bUSPCASE NUST;
_c2023.
300 _a183,p;
_bill;
_c30,cm.
650 _aPhD-Energy Systems Engineering
_9123158
700 _aSupervisor : Dr. Kafait Ullah
_9117095
856 _u http://10.250.8.41:8080/xmlui/handle/123456789/39059
942 _2ddc
_cTHE
999 _c609483
_d609483